| 000 | 00869nac a22002777a 4500 | ||
|---|---|---|---|
| 001 | BR7604517 | ||
| 003 | BR-BrBNA | ||
| 005 | 20240105114012.0 | ||
| 008 | 230509b bl.|||m| |||| 00| 0 por d | ||
| 040 |
_aBR-BrBNA _bpor _cBiblioteca Nacional de Agricultura |
||
| 072 | _aE10; E70 | ||
| 090 | _a2420 BR7604517 | ||
| 110 | 1 |
_aMinisterio das Relacoes Exteriores, Brasilia, DF (Brasil). Depto. de Promocao Comercial _97087 |
|
| 245 | 1 | _aFranca: oleos vegetais e cera de carnauba [economia, comercializacao, Brasil] | |
| 260 | 3 |
_aBrasilia, DF (Brasil): _c1976. |
|
| 300 | _a51 p. | ||
| 490 |
_aMercados para o Brasil (Brazil) _vno. 4 _x |
||
| 650 | _aECONOMIA | ||
| 650 | _aCOMERCIALIZACAO | ||
| 650 | _aOLEO VEGETAL | ||
| 650 | _aCERA | ||
| 650 | _aCARNAUBA | ||
| 650 | _aFRANCA | ||
| 909 |
_a202312 _bLúcia Elande _c55 _dLúcia Elande |
||
| 942 |
_2AGRIS _n0 _cMS |
||
| 999 |
_c266830 _d266830 |
||